000 00878nam a22002177a 4500
003 BUBTL
008 220118b ||||| |||| 00| 0 eng d
020 _a98483091638
082 _a891.443/ Oa5l/ 2006
100 _94487
_aওয়ালীউল্লাহ, সৈয়দ
245 _aলালসালু /
_cসৈয়দ ওয়ালীউল্লাহ
250 _a1st Edn.
260 _aঢাকা:
_bবিশ্বসাহিত্য কেন্দ্র,
_cc2006
300 _a95 p.:
_c22 cm.
505 _aলালসালু, সৈয়দ ওয়ালীউল্লাহ, বাংলা সাহিত্য, Bengali Literature
650 0 _91687
_aবাংলা সাহিত্য
650 0 _92152
_aBengali Literature
856 _k0
_l0
_yDownload
942 _2ddc
_cBK
999 _c6638
_d6638